1362 1366 1760 1150 1564 1145 1116 1331 1106 1913 1320 1931 1470 1702 1190 1955 1327 1217 1792 1913 1865 1387 1128 1974 1888 1277 1395 1519 1645 1000 1080 1387 1276 1496 1973 1422 1467 1817 1529 1831 1676 1624 1315 1936 1365 1796 1892 1855 1787 1234 1760 1597 1467 1823 1204 1412 1762 1951 1179 1038 1823 1991 1015 1881 1196 1563 1773 1182 1573 1234 1660 1657 1683 1499 1493 1407 1371 1028 1243 1189 1025 1394 1912 1037 1582 1261 1919 1663 1525 1464 1700 1334 1269 1457 1272 1952 1399 1095 1923 BCNSPRNW ULIB Ver.6.0+V

เปลี่ยนเป็นภาษาไทย

Change to English
 แสดงรายละเอียดบรรณานุกรม
  กลับหน้าหลัก

Brief Record : Get Marc (ISO 2709) : E-mail record : QR code < ปิดหน้าต่าง
LEADER : 00000nam 2200000uu 4500
001    13399111672
003     ULIB
008    110704s2550||||th 000 0 tha d
020    9789749985854
050  4 BQ4570.S3^bส231อ 2550
100 0  สม สุจีรา
245 10 ไอน์สไตน์พบ พระพุทธเจ้าเห็น /^cสม สุจีรา
250    พิมพ์ครั้งที่ 39
260    กรุงเทพฯ :^bอมรินทร์,^c2550
300    193 หน้า :^bภาพประกอบ ;^c21 ซม.
440  0 ชุดธรรมะวิทยาศาสตร์ ลำดับที่ 1
500    ชื่อเรื่องจากปกนอก
600 07 ไอน์สไตน์, อัลเบิร์ต,^d1879-1955
650  4 ทฤษฎีสัมพัทธภาพ
650  4 พุทธศาสนากับวิทยาศาสตร์
650  4 พุทธปรัชญา
650  4 พุทธศาสนา
945    ^p175^l0^i024185
945    ^p175^l0^i021716
995    ทศพร
999 ^a ใช้งานได้ทุกระบบ
รายการนี้ยังไม่มีแท็ก
คุณยังไม่ได้ล็อกอิน คุณสามารถมีกิจกรรมร่วมกับเว็บไซต์ได้ แต่ต้องล็อกอินก่อน ::
  ล็อกอิน

รายการสื่อสารสนเทศ

ลำดับที่ ประเภท เลขเรียก/บาร์โค้ด สถานที่ สถานะ
- ไม่พบข้อมูล -

รายการใกล้เคียง
    ผู้แต่ง [สม สุจีรา]

    หัวเรื่อง [พุทธศาสนากับวิทยาศาสตร์]
    หัวเรื่อง [พุทธปรัชญา]
    หัวเรื่อง [พุทธศาสนา]

BibComment


ยังไม่เคยถูกคอมเมนท์

คอมเมนท์ทรัพยากรรายการนี้
  คอมเมนท์: ไอน์สไตน์พบ พระพุ..


 Copyright 2026. Bcnsprnw @Library